000 00510nam a2200193 a 4500
001 1772014066522
003 YourLibrary
005 20260225153911.0
008 260225s1998##################000#0#eng##
020 _a9780415175388
082 0 4 _a321
_bVER
100 1 _aVerney, Douglas V.,
_eauthor.
245 1 0 _aThe Analysis of Political Systems :
260 _bPsychology Press,
_c1998.
300 _a239 pages
650 0 _aSocial Science.
942 _cENGLISH
040 _aYourLibrary
_beng
_cYourLibrary
999 _c615723
_d615723